Cinq-Mars ou Une conjuration sous Louis XIII / (Record no. 167511)

MARC details
000 -LEADER
campo de control de longitud fija 00840nam a22002175i 4500
001 - NÚMERO DE CONTROL
campo de control 167511
003 - IDENTIFICADOR DE NÚMERO DE CONTROL
campo de control ES-MaACL
005 - FECHA Y HORA DE LA ÚLTIMA TRANSACCIÓN
campo de control 20250714223604.0
008 - DATOS DE LONGITUD FIJA--INFORMACIÓN GENERAL
campo de control de longitud fija 050923s1859 fr | |||||||| ||fre d
040 ## - FUENTE DE CATALOGACIÓN
Centro catalogador/agencia de origen CAM
Lengua de catalogación spa
Centro/agencia transcriptor CAM
100 0# - ENTRADA PRINCIPAL--NOMBRE DE PERSONA
Nombre de persona Vigny, Alfred de,
Fechas asociadas al nombre 1797-1863
Término indicativo de función/relación Autor
9 (RLIN) 114659
245 10 - MENCIÓN DEL TÍTULO
Título Cinq-Mars ou Une conjuration sous Louis XIII /
Mención de responsabilidad, etc. le Cte. Alfred de Vigny
250 ## - MENCION DE EDICION
Mención de edición 12e éd.
Resto de la mención de edición précédée de réflexions sur la vérité dans l'art.
260 ## - PUBLICACIÓN, DISTRIBUCIÓN, ETC.
Lugar de publicación, distribución, etc. Paris :
Nombre del editor, distribuidor, etc. Librairie Nouvelle,
Fecha de publicación, distribución, etc. 1859.
300 ## - DESCRIPCIÓN FÍSICA
Extensión 434 páginas, [2] hojas plegadas ;
Dimensiones 23 cm.
600 04 - PUNTO DE ACCESO ADICIONAL DE MATERIA--NOMBRE DE PERSONA
Nombre de persona Luis
Numeración XIII,
Títulos y otros términos asociados al nombre Rey de Francia
9 (RLIN) 129133
740 42 - ENTRADA AGREGADA--TÍTULO RELACIONADO/ANALÍTICO NO CONTROLADO
Título relacionado o analítico no controlado Une conjuration sous Louis XIII.
852 ## - LOCALIZACIÓN
Ubicación ES-MaACL
Ubicación en estantería Depósito 2
Marcas de propiedad Ex-libris ms. de Eugenio Agüera
Número de control de estantería G-1635
Encuadernación Holandesa
Donativo/Legado Donativo de Eugenio Agüera
942 ## - ELEMENTOS DE ENTRADA SECUNDARIOS (KOHA)
Tipo de ítem Koha Libro impreso antiguo
Suprimir en OPAC No
Holdings
Estatus retirado Estado de pérdida Fuente del sistema de clasificación o colocación Estado de daño No para préstamo Colección Biblioteca de origen Biblioteca actual Ubicación en estantería Fecha de adquisición Fuente de adquisición Total de préstamos Signatura topográfica completa Código de barras Visto por última vez Tipo de ítem Koha
    Clasificación decimal universal     Libros del s. XIX Biblioteca del Ateneo de Madrid Biblioteca del Ateneo de Madrid Depósito 2 17/01/2008 Donación   G-1635 1175730 23/02/2023 Libro impreso antiguo